No Me Acostumbro - Wisin, Reik, Ozuna, Miky Woodz, Los Legendarios - Estadísticas

Estadísticas generales
  • Esta prueba ha sido intentada 29 veces
  • La puntuación promedio es 210 de 413
Estadísticas de respuestas
Letra % Correcto
a
100%
de
100%
el
100%
El
100%
I
100%
m
100%
me
100%
100%
mi
100%
Mi
100%
no
100%
No
100%
Para
100%
para
100%
por
100%
que
100%
Qué
100%
qué
100%
100%
100%
se
100%
si
100%
acostumbro
75%
al
75%
Como
75%
cómo
75%
como
75%
con
75%
cuando
75%
es
75%
Es
75%
está
75%
ha
75%
la
75%
las
75%
lo
75%
sin
75%
Sin
75%
te
75%
75%
75%
Tu
75%
tu
75%
un
75%
una
75%
y
75%
Y
75%
yo
75%
Yo
75%
amor
50%
cama
50%
día
50%
dónde
50%
doy
50%
DY
50%
en
50%
estoy
50%
mal
50%
mirada
50%
olor
50%
pero
50%
Porque
50%
quiere
50%
quieres
50%
quiero
50%
saben
50%
siento
50%
tengo
50%
ti
50%
Todos
50%
tus
50%
vida
50%
Ahora
25%
baby
25%
boca
25%
conmigo
25%
consigo
25%
contigo
25%
corazón
25%
done
25%
Ellos
25%
Eres
25%
eres
25%
estar
25%
hacerte
25%
ido
25%
labios
25%
más
25%
Miky
25%
morir
25%
nada
25%
nosotros
25%
olvidarte
25%
olvido
25%
Ozuna
25%
pase
25%
pelo
25%
pensar
25%
pensarte
25%
piel
25%
placer
25%
poder
25%
puedo
25%
querer
25%
ropa
25%
Siempre
25%
siempre
25%
tan
25%
tanto
25%
toy
25%
volver
25%
Woodz
25%
abrigo
0%
Abrimos
0%
acariciándote
0%
aguanto
0%
alguien
0%
algún
0%
ansiedad
0%
aquello
0%
así
0%
besé
0%
botella
0%
brazos
0%
burbuja
0%
canción
0%
castigo
0%
chocando
0%
comentan
0%
copas
0%
cuerpo
0%
daba
0%
darle
0%
debilidad
0%
dejaste
0%
destino
0%
días
0%
Doble
0%
duermas
0%
duerme
0%
duro
0%
empiezo
0%
equipo
0%
eras
0%
estrella
0%
explico
0%
extraña
0%
extrañarte
0%
favorito
0%
feliz
0%
GYM
0%
hay
0%
Hay
0%
imaginar
0%
jugadora
0%
loca
0%
location
0%
mente
0%
mía
0%
muchos
0%
necesito
0%
noches
0%
ohh
0%
Otro
0%
otros
0%
parece
0%
pedazos
0%
pegá
0%
pensativo
0%
positivos
0%
preguntan
0%
preso
0%
quisimos
0%
recordarte
0%
recuerdos
0%
repetimos
0%
responder
0%
sea
0%
seduciéndote
0%
seguro
0%
sido
0%
sigo
0%
sígueme
0%
soporto
0%
sorprende
0%
spot
0%
Tantos
0%
trago
0%
vellonera
0%
Vente
0%
verdad
0%
vino
0%
vivo
0%
volvías
0%
No se encontraron pruebas coincidentes
Distribución de puntuación
Porcentaje de gente con cada puntuación
Porcentaje por número respondido
Historial de tus puntuaciones
No has intentado esta prueba.